Ley 1876 de 2017 (Registro nro. 20875)

Detalles MARC
000 -CABECERA
Campo de control 00662nam a22002057a 4500
005 - FECHA Y HORA DE LA ULTIMA TRANSACCION
Campo de control 20200219114009.0
008 - ELEMENTOS DE LONGITUD FIJA—INFORMACION GENERAL
Campo de control 200219b xxu||||| |||| 00| 0 spa d
040 ## - FUENTE DE CATALOGACIÓN
Agencia catalogadora original CO-BoIAVH
Agencia transcriptora CO-BoIAVH
041 ## - IDIOMA
Código de idioma para texto/pista de sonido o título separado Español
044 ## - PAÍS DE PUBLICACIÓN
País de publicación Colombia
090 ## - CLASIFICACIÓN LOCAL
Colección FG
Consecutivo 0477
110 ## - ASIENTO PRINCIPAL--NOMBRE CORPORATIVO
9 (RLIN) 34970
Nombre corporativo o de jurisdicción como elemento de entrada Grupo Semillas.
245 ## - MENCION DE TITULO
Título Ley 1876 de 2017
Parte restante del título Sistema Nacional de Innovación Agropecuaria SNIA ¿A quiénes favorece?
Mención de responsabilidad Grupo Semillas
260 ## - PUBLICACION, DISTRIBUCION, ETC. (PIE DE IMPRENTA)
Lugar de publicación, distribución, etc. s.l:
Nombre del editor, distribuidor, etc. Grupo Semillas,
Fecha de publicación, distribución, etc. s.f.
300 ## - DESCRIPCION FISICA
Extensión Una página,
Otros detalles físicos Ilustraciones a color,
Dimensiones 29.2 x 20.5 cm
650 #0 - ASIENTO SECUNDARIO DE MATERIA - TERMINO TEMATICO
9 (RLIN) 102746
Término temático o nombre geográfico como elemento de entrada Ley 1876 de 2017
650 #0 - ASIENTO SECUNDARIO DE MATERIA - TERMINO TEMATICO
9 (RLIN) 102748
Término temático o nombre geográfico como elemento de entrada Innovación agropecuaria
650 #0 - ASIENTO SECUNDARIO DE MATERIA - TERMINO TEMATICO
9 (RLIN) 78222
Término temático o nombre geográfico como elemento de entrada Normas
942 ## - ELEMENTOS ADICIONALES (KOHA)
Sistema de clasificación Local
Tipo de ítem Folleto
Existencias
Withdrawn status Lost status Sistema de Clasificación Damaged status No para préstamo Colección Ubicación Permanente Ubicación actual Fecha de adquisición Total Checkouts Número topográfico Inventario / Código de Barras Date last seen Ejemplar Price effective from Forma de adquisición Tipo de material
    Local     Hemeroteca Bogotá Bogotá 19/02/2020   FG-0477 044130 19/02/2020 Ej. 1 19/02/2020 Donación Folleto